[Event "Hengshui IMSA rapid (Women)"]
[Site "Hengshui"]
[Date "2019.05.14"]
[Round "1"]
[White "Kosteniuk, Alexandra"]
[Black "Harika, Dronavalli"]
[Result "1-0"]
[WhiteElo "2498"]
[BlackElo "2440"]
[PlyCount "189"]
[EventDate "2019.05.14"]
[EventType "swiss (rapid)"]
[EventRounds "11"]
[EventCountry "CHN"]
[SourceTitle "CBM 190 Extra"]
[Source "ChessBase"]
[SourceDate "2019.07.15"]
[SourceVersion "1"]
[SourceVersionDate "2019.07.15"]
[SourceQuality "1"]

1. c4 f5 2. d4 Nf6 3. Nf3 g6 4. g3 Bg7 5. Bg2 O-O 6. O-O d6 7. Nc3 Qe8 8. d5
Na6 9. Nd4 Nc5 10. b4 Nfe4 11. Nxe4 Nxe4 12. Bb2 c5 13. dxc6 bxc6 14. f3 Nf6
15. Nb3 Rb8 16. Qd2 a6 17. e4 Be6 18. Rac1 Qf7 19. e5 Nd7 20. exd6 Bxb2 21.
Qxb2 exd6 22. Na5 c5 23. a3 f4 24. Qd2 Ne5 25. Qxd6 Nxc4 26. Nxc4 Bxc4 27. Rfe1
cxb4 28. Re4 b3 29. Rxf4 b2 30. Rb1 Qxf4 31. gxf4 Ba2 32. Rxb2 Rxb2 33. Qxa6
Rd8 34. Bf1 Rb1 35. Kf2 Rb2+ 36. Kg3 Rdd2 37. f5 gxf5 38. Kf4 Bd5 39. Kxf5 Bf7
40. Kf6 Rd8 41. Qa7 Rd6+ 42. Ke5 Re6+ 43. Kf4 Rf6+ 44. Kg3 Rg6+ 45. Kf4 Rf6+
46. Kg5 Rg6+ 47. Kf5 Rbb6 48. Bd3 Rbd6 49. Be4 Ra6 50. Qb8+ Kg7 51. Qb2+ Rgf6+
52. Kg4 Bg6 53. Bd5 Bf7 54. Bxf7 Kxf7 55. Qb7+ Kg6 56. Qe4+ Kg7 57. Qe7+ Kg6
58. Qe8+ Kg7 59. Qd7+ Kg6 60. Qd3+ Kg7 61. f4 Rg6+ 62. Kf3 Rgd6 63. Qc3+ Kf7
64. a4 Rh6 65. Qc4+ Ke7 66. h4 Rac6 67. Qb4+ Kd7 68. a5 Kc7 69. Qe7+ Kb8 70. f5
Rc3+ 71. Ke2 Rcc6 72. Ke3 Rc3+ 73. Kd4 Rcc6 74. Ke5 Ra6 75. Qd8+ Kb7 76. Qd5+
Kb8 77. Qb5+ Kc7 78. Qc5+ Kd7 79. Qd5+ Kc7 80. Qf7+ Kb8 81. Qe8+ Kb7 82. Qe7+
Kb8 83. Kf4 Kc8 84. Kg5 Rhc6 85. Qxh7 Rxa5 86. Qg8+ Kc7 87. Qf7+ Kb6 88. Qb3+
Rb5 89. Qh3 Kc7 90. h5 Rb1 91. Qh2+ Kd7 92. h6 Rcc1 93. h7 Rg1+ 94. Kf6 Rh1 95.
h8=Q 1-0

[Event "Hengshui IMSA rapid (Women)"]
[Site "Hengshui"]
[Date "2019.05.14"]
[Round "2"]
[White "Tan, Zhongyi"]
[Black "Kosteniuk, Alexandra"]
[Result "1/2-1/2"]
[WhiteElo "2482"]
[BlackElo "2498"]
[PlyCount "90"]
[EventDate "2019.05.14"]
[EventType "swiss (rapid)"]
[EventRounds "11"]
[EventCountry "CHN"]
[SourceTitle "CBM 190 Extra"]
[Source "ChessBase"]
[SourceDate "2019.07.15"]
[SourceVersion "1"]
[SourceVersionDate "2019.07.15"]
[SourceQuality "1"]

1. c4 e5 2. Nc3 Nf6 3. Nf3 Nc6 4. e4 Bc5 5. Nxe5 Nxe5 6. d4 Bb4 7. dxe5 Nxe4 8.
Qd4 Nxc3 9. bxc3 Be7 10. Bf4 O-O 11. Bd3 d6 12. O-O dxe5 13. Bxe5 Qxd4 14. cxd4
Rd8 15. Rae1 Bd6 16. Bxd6 cxd6 17. Re7 Kf8 18. Rfe1 Rb8 19. h4 Be6 20. Rc7 Rdc8
21. Rxc8+ Rxc8 22. d5 Bd7 23. Rb1 b6 24. f3 Rc5 25. Rb3 Ra5 26. a3 h5 27. Kf2
Ke7 28. Ke3 Kf6 29. Kd4 Bf5 30. Be2 Ra4 31. Bd1 Ra5 32. g4 Bd7 33. Re3 g6 34.
g5+ Kg7 35. Bc2 Kf8 36. f4 Rc5 37. a4 Ra5 38. Ra3 Ke7 39. Kc3 f5 40. Kb4 Kd8
41. Re3 Rc5 42. Bb3 Ra5 43. Re2 Rc5 44. Re3 Ra5 45. Re2 Rc5 1/2-1/2

[Event "Hengshui IMSA rapid (Women)"]
[Site "Hengshui"]
[Date "2019.05.14"]
[Round "3"]
[White "Kosteniuk, Alexandra"]
[Black "Koneru, Humpy"]
[Result "1/2-1/2"]
[WhiteElo "2498"]
[BlackElo "2472"]
[PlyCount "122"]
[EventDate "2019.05.14"]
[EventType "swiss (rapid)"]
[EventRounds "11"]
[EventCountry "CHN"]
[SourceTitle "CBM 190 Extra"]
[Source "ChessBase"]
[SourceDate "2019.07.15"]
[SourceVersion "1"]
[SourceVersionDate "2019.07.15"]
[SourceQuality "1"]

1. c4 e6 2. Nc3 d5 3. d4 Be7 4. cxd5 exd5 5. Nf3 Nf6 6. Bg5 c6 7. Qc2 g6 8. h3
Bf5 9. Qb3 Qb6 10. Qxb6 axb6 11. g4 Be6 12. Bh6 b5 13. Nd2 b4 14. Nd1 Nbd7 15.
Bg2 Nb6 16. b3 Nfd7 17. Nb2 f6 18. Bf4 Kf7 19. Bf3 Ra6 20. Nd3 Rha8 21. Nc1 Nc8
22. e3 Nd6 23. Bxd6 Bxd6 24. O-O b6 25. Be2 Ra5 26. f4 Ke7 27. e4 dxe4 28. Nxe4
Bd5 29. Nxd6 Kxd6 30. Bf3 Re8 31. Kf2 Bxf3 32. Kxf3 Rd5 33. Ne2 Ra8 34. Rfd1
Nf8 35. Rd2 Ne6 36. Rc1 Kc7 37. Rdc2 c5 38. dxc5 bxc5 39. Kf2 Rad8 40. Rc4 Kb6
41. Re4 R8d6 42. Rc2 h5 43. Re3 h4 44. Re4 Kb7 45. Re3 Kc7 46. a3 bxa3 47. b4
Kd7 48. bxc5 Rxc5 49. Rxc5 Nxc5 50. Rxa3 Ke6 51. Ke3 g5 52. fxg5 fxg5 53. Nd4+
Kf6 54. Ra8 Ne6 55. Nxe6 Rxe6+ 56. Kf3 Rb6 57. Ra3 Re6 58. Rc3 Kg6 59. Rb3 Kf6
60. Rc3 Kg6 61. Rb3 Kf6 1/2-1/2

[Event "Hengshui IMSA rapid (Women)"]
[Site "Hengshui"]
[Date "2019.05.15"]
[Round "5"]
[White "Kosteniuk, Alexandra"]
[Black "Zhao, Xue"]
[Result "1/2-1/2"]
[WhiteElo "2498"]
[BlackElo "2419"]
[PlyCount "112"]
[EventDate "2019.05.14"]
[EventType "swiss (rapid)"]
[EventRounds "11"]
[EventCountry "CHN"]
[SourceTitle "CBM 190 Extra"]
[Source "ChessBase"]
[SourceDate "2019.07.15"]
[SourceVersion "1"]
[SourceVersionDate "2019.07.15"]
[SourceQuality "1"]

1. c4 Nf6 2. Nc3 e5 3. Nf3 Nc6 4. g3 Bb4 5. Bg2 O-O 6. O-O Re8 7. Nd5 Nxd5 8.
cxd5 Nd4 9. Nxd4 exd4 10. e3 Qf6 11. Rb1 d6 12. a3 Bc5 13. b4 Bb6 14. Bb2 Bf5
15. d3 Bd7 16. Rc1 Qd8 17. e4 a5 18. f4 axb4 19. axb4 Bb5 20. Qd2 Qd7 21. f5 f6
22. g4 Ra2 23. Ra1 Rea8 24. Rxa2 Rxa2 25. Ra1 Rxa1+ 26. Bxa1 Qd8 27. Qf2 Qa8
28. Bxd4 Bxd4 29. Qxd4 Qa3 30. Bf1 Qc1 31. h3 b6 32. Kg2 Qe1 33. Qb2 Ba4 34. b5
h5 35. gxh5 Kh7 36. Be2 Bxb5 37. Qxb5 Qxe2+ 38. Kg3 Qe3+ 39. Kg2 Qd2+ 40. Kg3
Qe1+ 41. Kg2 Qe2+ 42. Kg3 Qxh5 43. d4 Qg5+ 44. Kf3 Qh5+ 45. Kg3 Qg5+ 46. Kf3
Qg1 47. Qe8 Qf1+ 48. Kg3 Qd3+ 49. Kg4 Qd1+ 50. Kg3 Qg1+ 51. Kf3 Qg5 52. h4 Qxh4
53. Qg6+ Kg8 54. Qe8+ Kh7 55. Qg6+ Kg8 56. Qe8+ Kh7 1/2-1/2

[Event "Hengshui IMSA rapid (Women)"]
[Site "Hengshui"]
[Date "2019.05.15"]
[Round "6"]
[White "Muzychuk, Mariya"]
[Black "Kosteniuk, Alexandra"]
[Result "0-1"]
[WhiteElo "2511"]
[BlackElo "2498"]
[PlyCount "86"]
[EventDate "2019.05.14"]
[EventType "swiss (rapid)"]
[EventRounds "11"]
[EventCountry "CHN"]
[SourceTitle "CBM 190 Extra"]
[Source "ChessBase"]
[SourceDate "2019.07.15"]
[SourceVersion "1"]
[SourceVersionDate "2019.07.15"]
[SourceQuality "1"]

1. d4 Nf6 2. Bg5 d5 3. Nf3 c5 4. e3 Nc6 5. c3 e6 6. Nbd2 cxd4 7. exd4 Be7 8.
Bd3 O-O 9. O-O a6 10. h3 b5 11. b4 Qc7 12. a4 bxa4 13. Rxa4 Bb7 14. Qa1 e5 15.
dxe5 Nxe5 16. Nxe5 Qxe5 17. Nf3 Qc7 18. Re1 Rfe8 19. Bxa6 Rxa6 20. Rxa6 Bxa6
21. Bxf6 gxf6 22. Qxa6 Qxc3 23. b5 Kf8 24. b6 Bd6 25. Rb1 Qc2 26. Qb5 Bc5 27.
b7 Qxf2+ 28. Kh1 Ba7 29. Qxd5 Bb8 30. Qf5 Kg7 31. Qg4+ Kf8 32. Qd4 Qc2 33. Qb2
Qd3 34. Rc1 Kg7 35. Qd4 Qb3 36. Qg4+ Kf8 37. Nd4 Qc3 38. Qd1 Qg3 39. Nf3 Re3
40. Rc8+ Kg7 41. Rc4 h5 42. Kg1 Rxf3 43. Rc8 Qh2# 0-1

[Event "Hengshui IMSA rapid (Women)"]
[Site "Hengshui"]
[Date "2019.05.15"]
[Round "7"]
[White "Kosteniuk, Alexandra"]
[Black "Abdumalik, Zhansaya"]
[Result "1-0"]
[WhiteElo "2498"]
[BlackElo "2490"]
[PlyCount "81"]
[EventDate "2019.05.14"]
[EventType "swiss (rapid)"]
[EventRounds "11"]
[EventCountry "CHN"]
[SourceTitle "CBM 190 Extra"]
[Source "ChessBase"]
[SourceDate "2019.07.15"]
[SourceVersion "1"]
[SourceVersionDate "2019.07.15"]
[SourceQuality "1"]

1. e4 e5 2. Nf3 Nc6 3. Bc4 Bc5 4. d3 Nf6 5. Bg5 h6 6. Bh4 a6 7. a4 d6 8. c3 Qe7
9. Nbd2 g5 10. Bg3 Ba7 11. b4 Nd8 12. O-O Nh5 13. Kh1 Nf4 14. d4 Bg4 15. Qb3
Kf8 16. b5 a5 17. Bxf4 gxf4 18. Be2 Ne6 19. Qd5 Nd8 20. dxe5 dxe5 21. Nc4 Bxf3
22. Bxf3 f6 23. Nxa5 Qc5 24. Qb3 h5 25. Rad1 Qe7 26. Rd2 Bb6 27. Nc4 Ne6 28.
Nxb6 cxb6 29. Bd1 Nc5 30. Qb4 Kg7 31. g3 Rad8 32. Rd5 fxg3 33. fxg3 Qe6 34. Bf3
h4 35. Rg1 hxg3 36. Rxg3+ Kf7 37. Bg4 Qe7 38. Qc4 Ne6 39. Bxe6+ Qxe6 40. Qc7+
Qe7 41. Rg7+ 1-0

[Event "Hengshui IMSA rapid (Women)"]
[Site "Hengshui"]
[Date "2019.05.15"]
[Round "8"]
[White "Dzagnidze, Nana"]
[Black "Kosteniuk, Alexandra"]
[Result "0-1"]
[WhiteElo "2474"]
[BlackElo "2498"]
[PlyCount "62"]
[EventDate "2019.05.14"]
[EventType "swiss (rapid)"]
[EventRounds "11"]
[EventCountry "CHN"]
[SourceTitle "CBM 190 Extra"]
[Source "ChessBase"]
[SourceDate "2019.07.15"]
[SourceVersion "1"]
[SourceVersionDate "2019.07.15"]
[SourceQuality "1"]

1. Nf3 d5 2. b3 Nf6 3. Bb2 g6 4. c4 c6 5. g3 Bg7 6. Bg2 O-O 7. O-O Bf5 8. d3
Qc8 9. Re1 Bh3 10. Bh1 Qf5 11. Nbd2 Qh5 12. e4 dxe4 13. dxe4 Nbd7 14. Qc2 e5
15. c5 Ng4 16. b4 f5 17. Nc4 fxe4 18. Rxe4 Ndf6 19. Ree1 e4 20. Nfe5 Bg2 21. h4
Bxh1 22. Kxh1 Rae8 23. Rad1 Nxe5 24. Nxe5 Rxe5 25. Bxe5 Qxe5 26. f4 Qh5 27. Rd6
Qf3+ 28. Qg2 Qc3 29. Rb1 Ng4 30. Rdd1 Ne3 31. Qd2 Nxd1 0-1

[Event "Hengshui IMSA rapid (Women)"]
[Site "Hengshui"]
[Date "2019.05.16"]
[Round "9"]
[White "Kosteniuk, Alexandra"]
[Black "Bodnaruk, Anastasia"]
[Result "1-0"]
[WhiteElo "2498"]
[BlackElo "2437"]
[PlyCount "133"]
[EventDate "2019.05.14"]
[EventType "swiss (rapid)"]
[EventRounds "11"]
[EventCountry "CHN"]
[SourceTitle "CBM 190 Extra"]
[Source "ChessBase"]
[SourceDate "2019.07.15"]
[SourceVersion "1"]
[SourceVersionDate "2019.07.15"]
[SourceQuality "1"]

1. e4 c5 2. Nf3 d6 3. d4 cxd4 4. Nxd4 Nf6 5. Nc3 a6 6. Be2 e5 7. Nb3 Be7 8. O-O
O-O 9. Re1 Be6 10. Bf3 Nbd7 11. a4 Rc8 12. a5 Rc4 13. Be3 Qc7 14. Nd2 Rb4 15.
Qc1 Rc8 16. Ra3 Qc6 17. Nf1 Nc5 18. Bd2 Rd4 19. Ng3 b5 20. axb6 Qxb6 21. Be3
Rb4 22. Qa1 Ra8 23. Na4 Qb7 24. Nxc5 dxc5 25. Bd2 Rb5 26. Nf5 Bf8 27. Bc3 c4
28. Ra5 Nd7 29. Rd1 Qc6 30. Ne3 Bc5 31. Nd5 Kf8 32. Qa2 f6 33. Ra1 Rxa5 34.
Qxa5 Bxd5 35. exd5 Qb6 36. Qxb6 Nxb6 37. Ra5 Bd6 38. Be4 g6 39. g4 Ke7 40. Kg2
Nd7 41. Bf3 f5 42. Be2 Nb6 43. Bd2 f4 44. Kf3 Kd7 45. Ke4 Kc7 46. g5 Kb7 47.
Bg4 Rf8 48. Bc3 f3 49. Bxe5 c3 50. b3 Bb4 51. Ra1 a5 52. Be6 a4 53. bxa4 Nc4
54. Bf6 Bc5 55. Kxf3 Be7 56. Ke4 Bxf6 57. gxf6 Rxf6 58. f4 Kb6 59. Rb1+ Ka5 60.
Rb8 Kxa4 61. Kd4 Rxf4+ 62. Kc5 Ka3 63. Rb4 Rf2 64. Rxc4 Rxc2 65. d6 Kb2 66. d7
Rd2 67. Bd5 1-0

[Event "Hengshui IMSA blitz (Women)"]
[Site "Hengshui"]
[Date "2019.05.17"]
[Round "1"]
[White "Kosteniuk, Alexandra"]
[Black "Muzychuk, Mariya"]
[Result "1-0"]
[WhiteElo "2546"]
[BlackElo "2563"]
[PlyCount "175"]
[EventDate "2019.05.17"]
[EventType "swiss (blitz)"]
[EventRounds "22"]
[EventCountry "CHN"]
[SourceTitle "CBM 190 Extra"]
[Source "ChessBase"]
[SourceDate "2019.07.15"]
[SourceVersion "1"]
[SourceVersionDate "2019.07.15"]
[SourceQuality "1"]

1. c4 c5 2. Nf3 Nc6 3. d4 cxd4 4. Nxd4 Nf6 5. Nc3 e6 6. g3 Qb6 7. Ndb5 Ne5 8.
Bg2 a6 9. Na4 Qd8 10. Nd6+ Bxd6 11. Qxd6 Nxc4 12. Qc5 d5 13. b3 Nd6 14. Nb6 Nd7
15. Nxd7 Qxd7 16. O-O O-O 17. Ba3 Rd8 18. Rac1 Nb5 19. Bb2 Qd6 20. Qe3 Bd7 21.
a4 Na7 22. Be5 Qf8 23. Rc7 Nc6 24. Bb2 Rab8 25. Rc1 Qd6 26. Qg5 e5 27. R7xc6
bxc6 28. Bxe5 Qg6 29. Qxg6 hxg6 30. Bxb8 Rxb8 31. Rc3 a5 32. e3 Kf8 33. Bf3 Ke7
34. h4 Kd6 35. Kf1 Be6 36. Ke1 c5 37. Kd2 d4 38. exd4 cxd4 39. Rc6+ Kd7 40. Rc5
Rxb3 41. Be2 Bf5 42. Rxa5 Rb2+ 43. Ke1 Rb1+ 44. Kd2 Rb2+ 45. Ke1 Rb1+ 46. Bd1
Kd6 47. Kd2 Rb2+ 48. Ke1 Rb1 49. Kd2 Rb2+ 50. Ke1 d3 51. Rb5 Ra2 52. Rb4 Ra1
53. Kd2 Ra2+ 54. Ke3 Ra1 55. Bf3 Re1+ 56. Kd2 Rf1 57. Ke3 Re1+ 58. Kf4 Rf1 59.
Rb2 Ra1 60. Rb4 Ra2 61. Ke3 Ra1 62. g4 Be6 63. Kxd3 Ra3+ 64. Ke2 Ra2+ 65. Ke3
Ra3+ 66. Kf4 Bd7 67. Rd4+ Ke7 68. Bd1 Ra2 69. f3 f6 70. Bb3 Ra1 71. Bc2 Bc6 72.
Rc4 Kd6 73. Be4 Bxa4 74. Bxg6 Bd7 75. Bf5 Bc6 76. Rc3 Ra4+ 77. Kg3 Rb4 78. Re3
Rd4 79. h5 Rd1 80. Ra3 Rg1+ 81. Kf2 Rc1 82. Ra7 Rc3 83. Be4 Bxe4 84. fxe4 Ke5
85. Rxg7 Kxe4 86. h6 Rf3+ 87. Kg2 Rc3 88. h7 1-0

[Event "Hengshui IMSA blitz (Women)"]
[Site "Hengshui"]
[Date "2019.05.17"]
[Round "2"]
[White "Muzychuk, Mariya"]
[Black "Kosteniuk, Alexandra"]
[Result "0-1"]
[WhiteElo "2563"]
[BlackElo "2546"]
[PlyCount "122"]
[EventDate "2019.05.17"]
[EventType "swiss (blitz)"]
[EventRounds "22"]
[EventCountry "CHN"]
[SourceTitle "CBM 190 Extra"]
[Source "ChessBase"]
[SourceDate "2019.07.15"]
[SourceVersion "1"]
[SourceVersionDate "2019.07.15"]
[SourceQuality "1"]

1. e4 e5 2. Nf3 Nf6 3. Nxe5 d6 4. Nf3 Nxe4 5. d4 d5 6. Bd3 Bd6 7. O-O O-O 8. c4
c6 9. Qc2 Na6 10. a3 f5 11. c5 Be7 12. Nc3 Nc7 13. Ne5 Ne6 14. Be3 Bf6 15. f4
Bd7 16. Bxe4 fxe4 17. Ne2 Be8 18. f5 Nc7 19. Ng3 Qe7 20. Bf4 Bh4 21. Rae1 a5
22. Qe2 a4 23. Qg4 Bf6 24. Nh5 Bxh5 25. Qxh5 Nb5 26. Qd1 Rfe8 27. Re3 Nxd4 28.
Ng4 Nxf5 29. Rh3 Bd4+ 30. Kh1 e3 31. Qd3 Qe4 32. Qe2 Re6 33. Rhf3 Nh4 34. Rg3
Ng6 35. Bxe3 Rae8 36. Re1 Qf5 37. Rf3 Qxg4 38. Rf8+ Rxf8 39. Qxg4 Rxe3 40. Rd1
Re4 41. Qd7 Re7 42. Qg4 Bxc5 43. Qxa4 Rfe8 44. Qa5 b6 45. Qc3 Re3 46. Qc1 Re2
47. Rf1 Rf8 48. Rd1 Rff2 49. Qg5 Rxg2 50. Qxg2 Rxg2 51. Kxg2 Be7 52. b4 Kf7 53.
Rc1 c5 54. b5 c4 55. a4 Bb4 56. Rd1 Ke6 57. Rf1 c3 58. Rb1 Ba5 59. Re1+ Kd6 60.
Re8 Ne7 61. Rd8+ Ke6 0-1

[Event "Hengshui IMSA blitz (Women)"]
[Site "Hengshui"]
[Date "2019.05.17"]
[Round "5"]
[White "Kosteniuk, Alexandra"]
[Black "Koneru, Humpy"]
[Result "1-0"]
[WhiteElo "2546"]
[BlackElo "2553"]
[PlyCount "119"]
[EventDate "2019.05.17"]
[EventType "swiss (blitz)"]
[EventRounds "22"]
[EventCountry "CHN"]
[SourceTitle "CBM 190 Extra"]
[Source "ChessBase"]
[SourceDate "2019.07.15"]
[SourceVersion "1"]
[SourceVersionDate "2019.07.15"]
[SourceQuality "1"]

1. c4 e6 2. Nc3 d5 3. d4 Bb4 4. cxd5 exd5 5. Bf4 Nf6 6. e3 O-O 7. Bd3 c5 8.
Nge2 Nc6 9. O-O cxd4 10. Nxd4 Nxd4 11. exd4 Bd6 12. Qf3 Bg4 13. Qg3 Nh5 14.
Qxg4 Nxf4 15. Rad1 h5 16. Qf3 Qg5 17. Bb1 Rad8 18. g3 Ne6 19. h4 Qg4 20. Qxg4
hxg4 21. Bf5 Bb4 22. Bxg4 Bxc3 23. bxc3 Nc7 24. Rb1 b6 25. Rfe1 Rfe8 26. Be2
Re6 27. Bd3 Rc6 28. Re3 Kf8 29. Be2 Re8 30. Rxe8+ Kxe8 31. Rb3 Ke7 32. Kf1 Kd6
33. Ke1 Ne8 34. Kd2 Nf6 35. Bf3 Rc4 36. Rb4 Rc7 37. a4 Nd7 38. Rb5 Nf6 39. Kd3
Rc4 40. Rxd5+ Nxd5 41. Kxc4 Ne7 42. Kb5 Kc7 43. Be4 Nc8 44. Bd5 f6 45. c4 Nd6+
46. Kb4 a5+ 47. Kc3 Nf5 48. Kd3 Kd6 49. h5 Nh6 50. f3 Nf5 51. g4 Ne7 52. Be4
Ng8 53. f4 Nh6 54. Bf3 Nf7 55. Ke4 Ke6 56. c5 bxc5 57. dxc5 Nd8 58. Kd4 Kd7 59.
Bd5 Kc7 60. g5 1-0

[Event "Hengshui IMSA blitz (Women)"]
[Site "Hengshui"]
[Date "2019.05.17"]
[Round "8"]
[White "Kosteniuk, Alexandra"]
[Black "Lei, Tingjie"]
[Result "1-0"]
[WhiteElo "2546"]
[BlackElo "2507"]
[PlyCount "121"]
[EventDate "2019.05.17"]
[EventType "swiss (blitz)"]
[EventRounds "22"]
[EventCountry "CHN"]
[SourceTitle "CBM 190 Extra"]
[Source "ChessBase"]
[SourceDate "2019.07.15"]
[SourceVersion "1"]
[SourceVersionDate "2019.07.15"]
[SourceQuality "1"]

1. e4 e5 2. Nf3 Nc6 3. Bc4 Bc5 4. d3 Nf6 5. Bg5 h6 6. Bh4 Be7 7. Bg3 d6 8. a4
a5 9. h3 O-O 10. Nc3 Be6 11. Bxe6 fxe6 12. O-O Nd4 13. Nxd4 exd4 14. Nb5 e5 15.
c3 c6 16. Na3 dxc3 17. bxc3 Kh7 18. d4 exd4 19. cxd4 Qe8 20. Qb1 Nh5 21. e5+
Kh8 22. exd6 Nxg3 23. dxe7 Ne2+ 24. Kh1 Qxe7 25. Qd3 Nf4 26. Qe3 Qg5 27. Qf3
Rad8 28. Rad1 Ne6 29. Qe4 Qd5 30. Qxd5 Rxd5 31. Nc4 Rf4 32. Rde1 Nxd4 33. Re8+
Kh7 34. Ne3 Rd7 35. Ng4 Nf5 36. Rfe1 Rxa4 37. R1e5 Nd6 38. Ra8 Ra1+ 39. Kh2 a4
40. Re6 Nf7 41. Ree8 a3 42. f4 h5 43. Ne3 Re1 44. Rxa3 Nd6 45. Re5 g6 46. Rd3
Rd8 47. Re6 Nf7 48. Rxd8 Nxd8 49. Re7+ Kg8 50. Re8+ Kf7 51. Re5 Ne6 52. Kg3 Nd4
53. Kf2 Re2+ 54. Kf1 Rb2 55. Nc4 Rb1+ 56. Kf2 Nf5 57. g4 hxg4 58. hxg4 Rb4 59.
Re4 b5 60. Ne5+ Ke6 61. gxf5+ 1-0

[Event "Hengshui IMSA blitz (Women)"]
[Site "Hengshui"]
[Date "2019.05.17"]
[Round "9"]
[White "Kosteniuk, Alexandra"]
[Black "Tan, Zhongyi"]
[Result "0-1"]
[WhiteElo "2546"]
[BlackElo "2513"]
[PlyCount "76"]
[EventDate "2019.05.17"]
[EventType "swiss (blitz)"]
[EventRounds "22"]
[EventCountry "CHN"]
[SourceTitle "CBM 190 Extra"]
[Source "ChessBase"]
[SourceDate "2019.07.15"]
[SourceVersion "1"]
[SourceVersionDate "2019.07.15"]
[SourceQuality "1"]

1. e4 e5 2. Nf3 Nc6 3. Bb5 Nf6 4. O-O Nxe4 5. d4 Nd6 6. Bxc6 dxc6 7. dxe5 Nf5
8. Qxd8+ Kxd8 9. Rd1+ Ke8 10. Nc3 Be7 11. Ne4 Nh4 12. Nd4 Nf5 13. Ne2 b6 14.
Bg5 h6 15. Bxe7 Kxe7 16. Nf4 Be6 17. f3 Rad8 18. Kf2 Bd5 19. Nc3 Be6 20. g4 Nd4
21. Rac1 c5 22. a4 a6 23. Ne4 Nc6 24. Re1 Rd4 25. b3 Rhd8 26. Ne2 R4d7 27. h3
c4 28. f4 cxb3 29. cxb3 Nb4 30. f5 Nd3+ 31. Kf1 Bxb3 32. Rc3 Nxe1 33. Rxb3 Nd3
34. N2g3 Nxe5 35. Nh5 Kf8 36. Nf4 Rd4 37. Re3 Nc4 38. Re2 Rxe4 0-1

[Event "Hengshui IMSA blitz (Women)"]
[Site "Hengshui"]
[Date "2019.05.18"]
[Round "13"]
[White "Stefanova, Antoaneta"]
[Black "Kosteniuk, Alexandra"]
[Result "0-1"]
[WhiteElo "2470"]
[BlackElo "2546"]
[PlyCount "100"]
[EventDate "2019.05.17"]
[EventType "swiss (blitz)"]
[EventRounds "22"]
[EventCountry "CHN"]
[SourceTitle "CBM 190 Extra"]
[Source "ChessBase"]
[SourceDate "2019.07.15"]
[SourceVersion "1"]
[SourceVersionDate "2019.07.15"]
[SourceQuality "1"]

1. Nf3 c5 2. g3 d5 3. Bg2 Nc6 4. d4 Nf6 5. O-O cxd4 6. Nxd4 e5 7. Nxc6 bxc6 8.
c4 Be6 9. Nc3 Rc8 10. cxd5 cxd5 11. Qa4+ Qd7 12. Qxd7+ Kxd7 13. Rd1 Bc5 14.
Nxd5 Nxd5 15. Bxd5 Bxd5 16. Rxd5+ Ke6 17. Rd1 Rhd8 18. Bd2 Bd4 19. Bc3 Bxc3 20.
Rxd8 Rxd8 21. bxc3 Rd2 22. e3 Rc2 23. Kg2 Rxc3 24. Kf3 f5 25. Rb1 Ra3 26. Rb2
g5 27. h3 h5 28. Rc2 g4+ 29. hxg4 hxg4+ 30. Kg2 Kd5 31. Rd2+ Ke4 32. Rc2 Ra4
33. Rb2 Ra5 34. Rb4+ Kd3 35. Rb2 Kc3 36. Re2 e4 37. Kh2 Ra4 38. Kg2 a5 39. Kf1
Rb4 40. Re1 Rb2 41. Rc1+ Rc2 42. Rd1 Rxa2 43. Rd5 a4 44. Rxf5 Rb2 45. Rf4 a3
46. Rxe4 a2 47. Ra4 Rb1+ 48. Ke2 a1=Q 49. Rxa1 Rxa1 50. f4 Ra2+ 0-1

[Event "Hengshui IMSA blitz (Women)"]
[Site "Hengshui"]
[Date "2019.05.18"]
[Round "14"]
[White "Kosteniuk, Alexandra"]
[Black "Stefanova, Antoaneta"]
[Result "1-0"]
[WhiteElo "2546"]
[BlackElo "2470"]
[PlyCount "79"]
[EventDate "2019.05.17"]
[EventType "swiss (blitz)"]
[EventRounds "22"]
[EventCountry "CHN"]
[SourceTitle "CBM 190 Extra"]
[Source "ChessBase"]
[SourceDate "2019.07.15"]
[SourceVersion "1"]
[SourceVersionDate "2019.07.15"]
[SourceQuality "1"]

1. c4 c6 2. e4 d5 3. exd5 cxd5 4. cxd5 Nf6 5. Nc3 Nxd5 6. Nf3 e6 7. d4 Nc6 8.
Bd3 Be7 9. O-O Nf6 10. Re1 O-O 11. a3 b6 12. Bc2 Bb7 13. Bg5 h6 14. Bh4 Ba6 15.
Rc1 Rc8 16. Bb1 Qd6 17. Qc2 g6 18. Qd2 Kg7 19. Bg3 Qd7 20. Bf4 Rh8 21. Rcd1 Bb7
22. Ba2 Rcd8 23. b4 Nh5 24. b5 Na5 25. Ne5 Qc8 26. Nxf7 Nc4 27. Bxc4 Qxc4 28.
Nxd8 Rxd8 29. Bxh6+ Kh7 30. Bg5 Bxg5 31. Qxg5 Rd7 32. Ne4 Bxe4 33. Rxe4 Qc2 34.
Rde1 Rf7 35. R4e2 Qf5 36. Qxf5 Rxf5 37. Rxe6 Rxb5 38. Re7+ Kh6 39. Rxa7 Nf4 40.
g3 1-0

[Event "Hengshui IMSA blitz (Women)"]
[Site "Hengshui"]
[Date "2019.05.18"]
[Round "16"]
[White "Gunina, Valentina"]
[Black "Kosteniuk, Alexandra"]
[Result "0-1"]
[WhiteElo "2506"]
[BlackElo "2546"]
[PlyCount "63"]
[EventDate "2019.05.17"]
[EventType "swiss (blitz)"]
[EventRounds "22"]
[EventCountry "CHN"]
[SourceTitle "CBM 190 Extra"]
[Source "ChessBase"]
[SourceDate "2019.07.15"]
[SourceVersion "1"]
[SourceVersionDate "2019.07.15"]
[SourceQuality "1"]

1. e4 e5 2. Nf3 Nc6 3. Bc4 Bc5 4. O-O Nf6 5. d3 O-O 6. a4 h6 7. h3 d6 8. c3 a5
9. Nbd2 Re8 10. Re1 Nh5 11. Nf1 Qf6 12. d4 exd4 13. Bd5 dxc3 14. bxc3 Nf4 15.
Ng3 Nxd5 16. exd5 Rxe1+ 17. Qxe1 Ne5 18. Nd4 Bb6 19. Be3 Bd7 20. Qe2 Re8 21.
Nh5 Qg6 22. Nf4 Qh7 23. Nb5 Ng6 24. Nh5 Nh4 25. Qc4 Bxe3 26. fxe3 Qe4 27. Qxe4
Rxe4 28. Nxc7 Rxe3 29. Rb1 Rxc3 30. Rxb7 Bxa4 31. Ra7 Bd7 32. Ne6 0-1

[Event "Hengshui IMSA blitz (Women)"]
[Site "Hengshui"]
[Date "2019.05.18"]
[Round "18"]
[White "Kosteniuk, Alexandra"]
[Black "Paehtz, Elisabeth"]
[Result "1-0"]
[WhiteElo "2546"]
[BlackElo "2470"]
[PlyCount "229"]
[EventDate "2019.05.17"]
[EventType "swiss (blitz)"]
[EventRounds "22"]
[EventCountry "CHN"]
[SourceTitle "CBM 190 Extra"]
[Source "ChessBase"]
[SourceDate "2019.07.15"]
[SourceVersion "1"]
[SourceVersionDate "2019.07.15"]
[SourceQuality "1"]

1. e4 c5 2. Nf3 d6 3. d4 cxd4 4. Nxd4 Nf6 5. Nc3 a6 6. Be2 e5 7. Nb3 Be7 8. O-O
O-O 9. Re1 Be6 10. Bf3 Nbd7 11. a4 Qc7 12. a5 Rac8 13. Be3 Rfd8 14. Qd2 Bf8 15.
h3 Re8 16. Nc1 Nc5 17. Bg5 Ncd7 18. Nd3 Qc4 19. Ra4 Qc7 20. Nb4 h6 21. Be3 Nc5
22. Raa1 Qb8 23. g4 Ncd7 24. Bg2 Rc4 25. Nd3 Rec8 26. Rec1 Qc7 27. Ra4 Rxa4 28.
Nxa4 d5 29. exd5 Nxd5 30. b4 N7f6 31. Nac5 Bd7 32. c4 Nxe3 33. Qxe3 Bxc5 34.
Qxc5 e4 35. Qxc7 Rxc7 36. Nc5 Bc6 37. Rd1 Rc8 38. Rd4 Re8 39. Rd6 Rc8 40. Bf1
Kf8 41. Be2 Ke7 42. Rd4 Rd8 43. Rxd8 Kxd8 44. b5 axb5 45. cxb5 Bd5 46. b6 Nd7
47. Na4 Bc6 48. Nc3 g6 49. Bb5 Nb8 50. Bc4 f5 51. Bf7 Be8 52. Bd5 Bc6 53. Kg2
Ke7 54. Kg3 Kd6 55. Bf7 fxg4 56. hxg4 g5 57. Bc4 Ke5 58. Ne2 Nd7 59. Bf7 Nc5
60. Nc3 Nd3 61. Nd1 Nf4 62. Ne3 Ne2+ 63. Kg2 Nf4+ 64. Kf1 Bb5+ 65. Kg1 Ne2+ 66.
Kg2 Nf4+ 67. Kh2 Bc6 68. Bc4 Nd3 69. Kg3 Nb2 70. a6 bxa6 71. Bxa6 Na4 72. b7
Bxb7 73. Bxb7 Nc5 74. Bc6 Ne6 75. Ba4 Nf4 76. Bd7 h5 77. gxh5 Nxh5+ 78. Kg2
Nf4+ 79. Kf1 Nd3 80. Bg4 Kf4 81. Be2 Nxf2 82. Kxf2 g4 83. Bxg4 Ke5 84. Kg3 Kd4
85. Kf4 Kd3 86. Bf5 Kd4 87. Bxe4 Kc5 88. Ke5 Kb6 89. Kd6 Kb5 90. Kd5 Kb4 91.
Nd1 Kb3 92. Kc5 Ka3 93. Kc4 Ka2 94. Kc3 Ka1 95. Nb2 Ka2 96. Nc4 Ka1 97. Nd2 Ka2
98. Nb3 Ka3 99. Bb1 Ka4 100. Nd4 Ka5 101. Kc4 Kb6 102. Nb5 Kc6 103. Bf5 Kb6
104. Be4 Ka5 105. Kc5 Ka4 106. Bc2+ Ka5 107. Nd6 Ka6 108. Bd1 Ka5 109. Nb7+ Ka6
110. Kc6 Ka7 111. Kc7 Ka6 112. Be2+ Ka7 113. Nd6 Ka8 114. Bd3 Ka7 115. Nc8+ 1-0